[Event "8th HD Bank Cup 2018"]
[Site "Hanoi VIE"]
[Date "2018.03.12"]
[Round "4.32"]
[White "Le, Huu Thai"]
[Black "Li, Yankai"]
[Result "0-1"]
[WhiteTitle "CM"]
[WhiteElo "2223"]
[BlackElo "2434"]
[WhiteFideId "12402460"]
[BlackFideId "8609357"]
[EventDate "2018.03.10"]

1. d4 Nf6 2. Bf4 b6 3. Nf3 g6 4. e3 Bg7 5. c4 Bb7 6. Nc3 d6 7. h3 Nbd7 8. Be2
O-O 9. O-O Ne4 10. Nxe4 Bxe4 11. Qd2 e5 12. Bg3 Qe7 13. Rfd1 Rfd8 14. Bh4 f6 15.
Qc3 g5 16. Bg3 f5 17. Qa3 a5 18. dxe5 Nxe5 19. Nxe5 Bxe5 20. Bxe5 Qxe5 21. Bd3
Bc6 22. Qb3 Kh8 23. Qc2 Rf8 24. Rac1 Rae8 25. Re1 Re7 26. Re2 0-1

[Event "8th HD Bank Cup 2018"]
[Site "Hanoi VIE"]
[Date "2018.03.12"]
[Round "4.33"]
[White "Llaneza Vega, Marcos"]
[Black "Lee, Jun Hyeok"]
[Result "1-0"]
[WhiteTitle "IM"]
[BlackTitle "FM"]
[WhiteElo "2430"]
[BlackElo "2286"]
[WhiteFideId "2253585"]
[BlackFideId "13202340"]
[EventDate "2018.03.10"]

1. e4 g6 2. d4 Bg7 3. Nc3 d6 4. g3 Nf6 5. Bg2 O-O 6. Nge2 Nbd7 7. O-O c5 8. h3
Rb8 9. a4 b6 10. Bg5 cxd4 11. Nxd4 Bb7 12. Qd2 Re8 13. Nd5 a6 14. Rfe1 e6 15.
Nc3 Qc7 16. Bh6 Bh8 17. Rad1 Ne5 18. b3 Rbc8 19. Re3 Red8 20. Bg5 Qc5 21. f4 h6
22. Bh4 g5 23. fxg5 hxg5 24. Bxg5 Nc4 25. bxc4 Qxg5 26. Bf3 Qg7 27. e5 Nh5 28.
Ne4 Rxc4 29. Nxd6 Qxg3+ 1-0

[Event "8th HD Bank Cup 2018"]
[Site "Hanoi VIE"]
[Date "2018.03.12"]
[Round "4.34"]
[White "Nguyen, Hoang Nam"]
[Black "Pham, Chuong"]
[Result "0-1"]
[WhiteTitle "CM"]
[BlackTitle "IM"]
[WhiteElo "2188"]
[BlackElo "2393"]
[WhiteFideId "12402133"]
[BlackFideId "12401218"]
[EventDate "2018.03.10"]

1. d4 d5 2. c4 e6 3. Nc3 Be7 4. Nf3 Nf6 5. Bf4 O-O 6. e3 c5 7. dxc5 Bxc5 8. Qc2
Nc6 9. a3 Re8 10. O-O-O e5 11. Bg5 d4 12. Nd5 b5 13. Nd2 bxc4 14. Bxc4 Be6 15.
Bxf6 gxf6 16. Ne4 Be7 17. Nxe7+ Qxe7 18. Bxe6 Qxe6 19. Kb1 Rab8 20. Rc1 Rb6 21.
Nc5 Qd5 22. Qf5 Ne7 23. Qg4+ Kh8 24. exd4 Rg8 25. Qe4 Rxg2 26. Qxd5 Nxd5 27.
dxe5 fxe5 28. Nd7 Re6 29. Rc5 Nb6 30. Nxe5 Rxf2 31. Rg1 h6 32. b4 Kh7 33. Rgc1
Kg7 34. h4 Rd6 35. Rg1+ Kf8 36. Rc7 Nd5 37. Rc8+ Ke7 38. Rgc1 Re6 39. R8c5 Nb6
40. Rc7+ Ke8 41. Rxa7 f6 42. Rg1 fxe5 43. a4 Kf8 44. Rc1 Rf4 45. a5 Rxb4+ 46.
Ka2 Nd5 47. Rh7 Ne7 48. Rh8+ Kg7 49. Ra8 Rc6 50. Re1 Rb5 0-1

[Event "8th HD Bank Cup 2018"]
[Site "Hanoi VIE"]
[Date "2018.03.12"]
[Round "4.35"]
[White "Karavade, Eesha"]
[Black "Piasetski, Leon"]
[Result "1/2-1/2"]
[WhiteTitle "IM"]
[BlackTitle "IM"]
[WhiteElo "2391"]
[BlackElo "2258"]
[WhiteFideId "5012600"]
[BlackFideId "2600072"]
[EventDate "2018.03.10"]

1. Nf3 Nf6 2. c4 e6 3. g3 d5 4. Bg2 Be7 5. O-O O-O 6. b3 c6 7. Bb2 Nbd7 8. Nc3
a6 9. Qc2 b5 10. d3 Bb7 11. e4 dxe4 12. dxe4 e5 13. Nd1 Qc7 14. Ne3 Rfe8 15.
Rad1 Bf8 16. Qb1 a5 17. cxb5 cxb5 18. Nd5 Nxd5 19. exd5 Rad8 20. Rfe1 f6 21. Bf1
Bb4 22. Re4 Qb6 23. a4 1/2-1/2

[Event "8th HD Bank Cup 2018"]
[Site "Hanoi VIE"]
[Date "2018.03.12"]
[Round "4.36"]
[White "Abhishek, Kelkar"]
[Black "Moksh, Amit Doshi"]
[Result "1/2-1/2"]
[WhiteTitle "IM"]
[WhiteElo "2370"]
[BlackElo "2256"]
[WhiteFideId "5019257"]
[BlackFideId "25064967"]
[EventDate "2018.03.10"]

1. d4 Nf6 2. c4 g6 3. Nc3 d5 4. Bf4 Bg7 5. e3 O-O 6. Rc1 Be6 7. c5 c6 8. h3 b6
9. cxb6 axb6 10. Nf3 Bf5 11. a4 Ne4 12. Nxe4 Bxe4 13. Nd2 Bf5 14. Qb3 c5 15.
dxc5 bxc5 16. Rxc5 Nd7 17. Rc1 Qa5 18. Bb5 Rac8 19. Ke2 e5 20. Bg3 d4 21. e4 Bh6 1/2-1/2

[Event "8th HD Bank Cup 2018"]
[Site "Hanoi VIE"]
[Date "2018.03.12"]
[Round "4.37"]
[White "Pham, Le Thao Nguyen"]
[Black "Raja, Rithvik R"]
[Result "1/2-1/2"]
[WhiteTitle "IM"]
[BlackTitle "FM"]
[WhiteElo "2354"]
[BlackElo "2227"]
[WhiteFideId "12401226"]
[BlackFideId "35007394"]
[EventDate "2018.03.10"]

1. d4 Nf6 2. Nf3 d5 3. c4 e6 4. Nc3 Be7 5. Bg5 Nbd7 6. e3 h6 7. Bh4 O-O 8. Rc1
c5 9. cxd5 Nxd5 10. Bxe7 Nxe7 11. Bb5 cxd4 12. Qxd4 Nf6 13. O-O a6 14. Be2 Qxd4
15. Nxd4 b5 16. Nb3 Bb7 17. Na5 Rab8 18. b4 Ned5 19. Nxb7 Rxb7 20. Nxd5 Nxd5 21.
Bf3 Rd7 22. a3 a5 23. Rfd1 axb4 24. e4 Nb6 25. Rxd7 Nxd7 26. axb4 Ne5 27. Be2
Rd8 28. Rc5 Nc4 29. f3 Na3 30. Rc3 Nb1 31. Rb3 Nd2 32. Rd3 Rxd3 33. Bxd3 Kf8 34.
Bxb5 Ke7 35. Kf2 e5 36. Ke3 Nb3 37. Bc4 Nd4 38. Kd3 f6 39. f4 Kd6 40. f5 1/2-1/2

[Event "8th HD Bank Cup 2018"]
[Site "Hanoi VIE"]
[Date "2018.03.12"]
[Round "4.38"]
[White "Kunal, M."]
[Black "Sihite, Chelsie Monica Ignesias"]
[Result "1/2-1/2"]
[BlackTitle "WIM"]
[WhiteElo "2340"]
[BlackElo "2189"]
[WhiteFideId "5018250"]
[BlackFideId "7101198"]
[EventDate "2018.03.10"]

1. e4 e5 2. Nf3 Nc6 3. Bb5 a6 4. Ba4 Nf6 5. O-O b5 6. Bb3 Be7 7. d4 d6 8. c3 O-O
9. Re1 exd4 10. cxd4 d5 11. e5 Ne4 12. Nc3 Nxc3 13. bxc3 Bf5 14. h3 Na5 15. Bc2
Bxc2 16. Qxc2 Nc4 17. Nd2 Nxd2 18. Bxd2 c5 19. f4 cxd4 20. cxd4 Rc8 21. Qd3 f5
22. exf6 Bxf6 23. Bb4 Re8 24. Rxe8+ Qxe8 25. Re1 Qc6 26. Bc5 Re8 27. Re3 Kf7 28.
Rxe8 Qxe8 29. Kf2 g6 30. f5 Qc8 31. fxg6+ hxg6 32. Qf3 Qc6 33. Qf4 Kg8 34. Kf3
Bg7 1/2-1/2

[Event "8th HD Bank Cup 2018"]
[Site "Hanoi VIE"]
[Date "2018.03.12"]
[Round "4.39"]
[White "Jishitha, D"]
[Black "Nguyen, Van Hai"]
[Result "0-1"]
[WhiteTitle "WFM"]
[BlackTitle "IM"]
[WhiteElo "2099"]
[BlackElo "2335"]
[WhiteFideId "35031660"]
[BlackFideId "12400122"]
[EventDate "2018.03.10"]

1. c4 Nf6 2. Nc3 d5 3. cxd5 Nxd5 4. Nf3 Nxc3 5. bxc3 g6 6. h4 h6 7. d4 Bg7 8. e3
c5 9. Bc4 Nc6 10. O-O O-O 11. Qc2 cxd4 12. cxd4 Bf5 13. Qe2 Rc8 14. Bb2 Bg4 15.
Rac1 e6 16. Bb5 Qb6 17. Ba3 Rfd8 18. Bxc6 Rxc6 19. Rxc6 Qxc6 20. Rc1 Qa4 21. Be7
Rd7 22. Rc8+ Kh7 23. Bc5 Rd5 24. Ra8 b6 25. e4 Rh5 26. Be7 Qd7 27. Ba3 Rxh4 28.
g3 Rh5 29. Kg2 Ra5 30. Qe3 Bxf3+ 31. Qxf3 Bxd4 32. Qf4 Be5 33. Bb2 Bxb2 34. Qb8
h5 35. Qg8+ Kh6 36. Rf8 Bg7 37. Rxf7 0-1

[Event "8th HD Bank Cup 2018"]
[Site "Hanoi VIE"]
[Date "2018.03.12"]
[Round "4.40"]
[White "Sethuraman, S.P."]
[Black "Bhambure, Shantanu"]
[Result "1-0"]
[WhiteTitle "GM"]
[WhiteElo "2649"]
[BlackElo "2135"]
[WhiteFideId "5021596"]
[BlackFideId "5025931"]
[EventDate "2018.03.10"]

1. Nf3 d5 2. e3 Nf6 3. c4 c6 4. Nc3 e6 5. d4 Nbd7 6. Bd3 dxc4 7. Bxc4 b5 8. Bd3
Bb7 9. O-O a6 10. e4 c5 11. d5 c4 12. Bc2 Qc7 13. Qe2 1-0

[Event "8th HD Bank Cup 2018"]
[Site "Hanoi VIE"]
[Date "2018.03.12"]
[Round "4.41"]
[White "Vo, Thi Kim Phung"]
[Black "Manush, Shah"]
[Result "1-0"]
[WhiteTitle "WGM"]
[WhiteElo "2425"]
[BlackElo "2202"]
[WhiteFideId "12401838"]
[BlackFideId "5040680"]
[EventDate "2018.03.10"]

1. d4 d5 2. c4 c6 3. Nc3 Nf6 4. Nf3 e6 5. e3 Nbd7 6. Bd3 dxc4 7. Bxc4 b5 8. Be2
Bb7 9. O-O a6 10. e4 c5 11. e5 cxd4 12. Qxd4 Bc5 13. Qf4 Nd5 14. Qg4 Nxc3 15.
bxc3 Qb6 16. Qxg7 O-O-O 17. Bf4 Rdg8 18. Qh6 Rg6 19. Qh5 Rhg8 20. Bg3 f5 21.
exf6 Nxf6 22. Qe5 Nd7 23. Qf4 Rg4 24. Qh6 R4g6 25. Qh3 Be4 26. a4 Bf5 27. Qh4
Rg4 28. a5 Qb7 29. Qh6 R4g6 30. Qd2 Nf6 31. Nd4 Ne4 32. Qf4 Bd6 33. Qe3 Nxg3 34.
hxg3 Be4 35. Bf3 Bxf3 36. Nxf3 Qc7 37. Qe4 Kb8 38. Nd4 e5 39. Nc6+ Kc8 40. Rfd1
h5 41. c4 b4 42. c5 Bxc5 43. Qf5+ Kb7 44. Nxe5 Bxf2+ 45. Qxf2 Qxe5 46. Rd7+ Kc8
47. Qa7 Qxa1+ 48. Kh2 1-0

[Event "8th HD Bank Cup 2018"]
[Site "Hanoi VIE"]
[Date "2018.03.12"]
[Round "4.42"]
[White "Luong, Phuong Hanh"]
[Black "Rathnakaran, K."]
[Result "1-0"]
[WhiteTitle "WIM"]
[BlackTitle "IM"]
[WhiteElo "2192"]
[BlackElo "2395"]
[WhiteFideId "12401013"]
[BlackFideId "5005507"]
[EventDate "2018.03.10"]

1. d4 Nf6 2. Nf3 g6 3. g3 Bg7 4. Bg2 O-O 5. O-O d5 6. c4 c6 7. Qb3 Nbd7 8. Nc3
dxc4 9. Qxc4 Nb6 10. Qd3 Be6 11. Rd1 Qc8 12. b3 Rd8 13. Ba3 Bf8 14. Ng5 Bf5 15.
e4 Bg4 16. Rd2 c5 17. Bf1 Rxd4 18. Qe3 Qd7 19. Nd5 Nfxd5 20. exd5 Rxd2 21. Nxh7
Rxf2 22. Kxf2 Qf5+ 23. Kg1 1-0

[Event "8th HD Bank Cup 2018"]
[Site "Hanoi VIE"]
[Date "2018.03.12"]
[Round "4.43"]
[White "Zhang, Ziji"]
[Black "Nguyen, Phuoc Tam"]
[Result "1-0"]
[WhiteElo "2374"]
[BlackElo "2169"]
[WhiteFideId "8609470"]
[BlackFideId "12402109"]
[EventDate "2018.03.10"]

1. d4 Nf6 2. c4 g6 3. Nf3 Bg7 4. g3 O-O 5. Bg2 d6 6. Nc3 c6 7. O-O Qc7 8. h3
Nbd7 9. e4 e5 10. Be3 b6 11. Rc1 exd4 12. Nxd4 Bb7 13. Qd2 Ne5 14. b3 Rfe8 15.
Bh6 Bh8 16. Rfe1 Rad8 17. Bg5 a6 18. a4 Bg7 19. Rcd1 Qe7 20. Nc2 Bf8 21. f4 Ned7 1-0

[Event "8th HD Bank Cup 2018"]
[Site "Hanoi VIE"]
[Date "2018.03.12"]
[Round "4.44"]
[White "Xu, Zhihang"]
[Black "Looi, Xin Hao"]
[Result "1-0"]
[WhiteTitle "FM"]
[WhiteElo "2364"]
[BlackElo "2104"]
[WhiteFideId "8611572"]
[BlackFideId "5702828"]
[EventDate "2018.03.10"]

1. Nf3 d5 2. c4 c6 3. d4 e6 4. e3 Nf6 5. Nbd2 Nbd7 6. Bd3 Bd6 7. O-O O-O 8. e4
dxe4 9. Nxe4 Nxe4 10. Bxe4 h6 11. Bc2 Re8 12. Qd3 Nf8 13. b3 b6 14. Bb2 Bb7 15.
Rad1 Qc7 16. c5 Be7 17. Ne5 Bf6 18. Ng4 Bg5 19. Qc3 f5 20. Ne5 Bf6 21. b4 Rad8
22. Rfe1 b5 23. Bb3 Kh7 24. Bc1 g5 25. Bc2 Bc8 26. Qh3 Bxe5 27. dxe5 Qg7 28. Rd6
Rxd6 29. exd6 g4 30. Qh5 Rd8 31. h3 Qg6 32. Qxg6+ Nxg6 33. hxg4 fxg4 34. Re4 h5
35. Re5 1-0

[Event "8th HD Bank Cup 2018"]
[Site "Hanoi VIE"]
[Date "2018.03.12"]
[Round "4.45"]
[White "Pratyusha, Bodda"]
[Black "Gu, Xiaobing"]
[Result "1-0"]
[WhiteTitle "WIM"]
[BlackTitle "WGM"]
[WhiteElo "2164"]
[BlackElo "2354"]
[WhiteFideId "5000629"]
[BlackFideId "8602611"]
[EventDate "2018.03.10"]

1. d4 Nf6 2. Nf3 g6 3. Bg5 Bg7 4. Nbd2 d6 5. e4 h6 6. Bxf6 Bxf6 7. Bc4 e5 8.
dxe5 dxe5 9. Qe2 Nc6 10. c3 O-O 11. a4 a5 12. O-O Qe7 13. Rfd1 Nd8 14. Nf1 Ne6
15. Ne3 Nf4 16. Qc2 c6 17. Bf1 1-0

[Event "8th HD Bank Cup 2018"]
[Site "Hanoi VIE"]
[Date "2018.03.12"]
[Round "4.46"]
[White "Vasilyev, Mikhail"]
[Black "Kathmale, Sameer"]
[Result "0-1"]
[WhiteTitle "IM"]
[BlackTitle "IM"]
[WhiteElo "2141"]
[BlackElo "2320"]
[WhiteFideId "14101254"]
[BlackFideId "5024498"]
[EventDate "2018.03.10"]

1. e4 c6 2. Nf3 d5 3. Nc3 Nf6 4. e5 Ne4 5. Ne2 Qb6 6. d4 e6 7. Nfg1 f6 8. f3 Ng5
9. h4 Nf7 10. f4 c5 11. c3 Nc6 12. Nf3 cxd4 13. cxd4 Bb4+ 14. Bd2 fxe5 15. fxe5
O-O 16. Bxb4 Qxb4+ 17. Qd2 Bd7 18. Qxb4 Nxb4 19. Kd2 Nh6 20. a3 Nc6 21. b4 Ng4
22. h5 Nf2 23. Rh4 Ne4+ 24. Ke3 a5 25. bxa5 Nxa5 26. Nc1 Rac8 27. Na2 Rc2 28.
Rg4 Rb2 29. Bd3 Nf2 30. Rh4 Nb3 31. Bxh7+ Kxh7 32. Rf1 Rxa2 33. h6 Na5 34. Ng5+
Kg6 35. Rxf2 Rfxf2 0-1

[Event "8th HD Bank Cup 2018"]
[Site "Hanoi VIE"]
[Date "2018.03.12"]
[Round "4.47"]
[White "Pham, Thi Thu Hien"]
[Black "Tokhirjonova, Gulrukhbegim"]
[Result "0-1"]
[BlackTitle "WGM"]
[WhiteElo "2138"]
[BlackElo "2318"]
[WhiteFideId "12402575"]
[BlackFideId "14203626"]
[EventDate "2018.03.10"]

1. e4 e5 2. Nf3 Nc6 3. c3 d5 4. Qa4 f6 5. d3 Be6 6. Be2 Qd7 7. Nbd2 Nge7 8. O-O
Ng6 9. d4 exd4 10. exd5 Bxd5 11. Bb5 dxc3 12. bxc3 Be7 13. c4 Be6 14. Rd1 O-O
15. c5 a6 16. Bc4 Rfd8 17. Ba3 Bxc4 18. Nxc4 Qe6 19. Re1 Qf7 20. Na5 Nxa5 21.
Qxa5 Bf8 22. Rab1 c6 23. Bc1 Rd7 24. Be3 Ne7 25. Rb2 Nd5 26. Bd2 Re8 27. Reb1
Re4 28. Rc1 Nf4 29. Bxf4 Rxf4 30. Qe1 Rf5 31. h3 Re7 32. Qb4 Qe8 33. Qb3+ Kh8 0-1

[Event "8th HD Bank Cup 2018"]
[Site "Hanoi VIE"]
[Date "2018.03.12"]
[Round "4.48"]
[White "Kulkarni, Bhakti"]
[Black "Vatsal, Singhania"]
[Result "1-0"]
[WhiteTitle "CM"]
[WhiteElo "2275"]
[BlackElo "2090"]
[WhiteFideId "5019516"]
[BlackFideId "25033972"]
[EventDate "2018.03.10"]

1. d4 d5 2. c4 e6 3. Nc3 Be7 4. Bf4 Nf6 5. e3 O-O 6. c5 c6 7. Nf3 b6 8. b4 Ba6
9. Bxa6 Nxa6 10. Ne5 Qc8 11. Qa4 b5 12. Qb3 Nh5 13. a4 bxa4 14. Qxa4 Nb8 15. O-O
f6 16. Nd3 Nxf4 17. exf4 a6 18. Ra2 Re8 19. Re1 Nd7 20. Rae2 Nf8 21. f5 e5 22.
dxe5 Qxf5 23. exf6 Qxf6 24. Ne5 Ng6 25. Qxc6 Nxe5 26. Qxd5+ Nf7 27. Rxe7 Red8
28. Qc4 g6 29. c6 Rd2 30. Qc5 Rc2 31. Re8+ 1-0

[Event "8th HD Bank Cup 2018"]
[Site "Hanoi VIE"]
[Date "2018.03.12"]
[Round "4.49"]
[White "Snehal, Bhosale"]
[Black "Nguyen, Thi Thanh An"]
[Result "1/2-1/2"]
[BlackTitle "WGM"]
[WhiteElo "2105"]
[BlackElo "2274"]
[WhiteFideId "5021995"]
[BlackFideId "12400300"]
[EventDate "2018.03.10"]

1. d4 Nf6 2. Nf3 g6 3. Bf4 Bg7 4. e3 b6 5. h3 Bb7 6. Be2 O-O 7. O-O d6 8. c4
Nbd7 9. Nc3 Ne4 10. Nxe4 Bxe4 11. Bh2 e5 12. d5 Bxf3 13. Bxf3 Nc5 14. e4 a5 15.
Qc2 f5 16. Rae1 Qf6 17. b3 Kh8 18. Qc3 Qg5 19. Re3 Rf7 20. a3 a4 21. b4 Nb3 22.
Bd1 Nd4 23. f4 Qe7 24. Qe1 g5 25. fxe5 f4 26. e6 Nxe6 27. dxe6 Qxe6 28. Rd3 Qxc4
29. Qd2 Re7 30. Kh1 Rxe4 31. Bg1 Rae8 32. Bf3 R4e7 33. Rc1 Qf7 34. Bc6 Rf8 35.
Bxa4 Be5 36. Bd4 Bxd4 37. Rxd4 f3 38. Bc6 Re2 39. Qc3 fxg2+ 40. Bxg2 Qg7 41. Re4
Qxc3 42. Rxc3 Rxe4 43. Bxe4 c5 44. b5 Rf4 45. Bc6 Rd4 46. a4 Rxa4 47. Rd3 c4 48.
Rxd6 c3 49. Rd1 Rc4 50. Rc1 Rc5 51. Kg2 Kg7 52. Kf3 Kg6 53. Ke3 Kh5 54. Kd4 Kh4
55. Bd7 c2 56. Kd3 1/2-1/2

[Event "8th HD Bank Cup 2018"]
[Site "Hanoi VIE"]
[Date "2018.03.12"]
[Round "4.50"]
[White "Samant, Aditya S"]
[Black "Nandhidhaa, PV"]
[Result "0-1"]
[BlackTitle "WIM"]
[WhiteElo "2107"]
[BlackElo "2261"]
[WhiteFideId "35080580"]
[BlackFideId "5050847"]
[EventDate "2018.03.10"]

1. e4 c5 2. Nf3 e6 3. d3 Nc6 4. g3 Nge7 5. Bg2 g6 6. O-O Bg7 7. c3 O-O 8. Be3 d6
9. a4 e5 10. d4 exd4 11. cxd4 Qb6 12. Na3 cxd4 13. Bf4 d5 14. Nd2 Be6 15. Nb5
Rac8 16. exd5 Nxd5 17. Bd6 Rfe8 18. Ne4 Bf8 19. Ng5 a6 20. Nxe6 fxe6 21. Bxf8
Rxf8 22. Nd6 Rcd8 23. Nc4 Qb4 24. Qe2 Rfe8 25. Ne5 Nxe5 26. Qxe5 d3 27. Rad1 d2
28. Qg5 Ne7 29. Qe5 Nf5 30. Qc3 Qxc3 31. bxc3 Re7 32. g4 Nh4 33. Be4 e5 34. f3
Rc7 35. Kf2 Rxc3 36. Kg3 g5 37. Bxb7 Rd4 38. Bxa6 e4 39. a5 Nxf3 40. Kg2 Ne1+
41. Kg1 e3 42. Be2 Ra4 43. Rf5 h6 44. a6 Rc1 45. Kf1 Raa1 46. Re5 Rxd1 47. Bxd1
Rxd1 48. a7 Nf3+ 49. Kg2 Ra1 50. Re8+ Kg7 51. Rd8 e2 52. Rd3 Ne1+ 53. Kg3 Nxd3 0-1

[Event "8th HD Bank Cup 2018"]
[Site "Hanoi VIE"]
[Date "2018.03.12"]
[Round "4.51"]
[White "Dixit, Nikhil"]
[Black "Tran, Le Dan Thuy"]
[Result "1-0"]
[BlackTitle "WFM"]
[WhiteElo "2251"]
[BlackElo "2036"]
[WhiteFideId "5059534"]
[BlackFideId "12403407"]
[EventDate "2018.03.10"]

1. e4 e5 2. Nf3 Nf6 3. Nxe5 d6 4. Nf3 Nxe4 5. d4 d5 6. Bd3 Bd6 7. O-O O-O 8. c4
c6 9. Nc3 Nxc3 10. bxc3 h6 11. c5 Bc7 12. Bc2 Nd7 13. Qd3 Nf6 14. Ne5 Re8 15.
Bf4 Bd7 16. Rae1 b6 17. Nxd7 Qxd7 18. Be5 Bxe5 19. dxe5 Nh5 20. e6 fxe6 21. Qh7+
Kf8 22. Bg6 Nf6 23. Qh8+ Ng8 24. Re3 Ke7 25. Bxe8 Rxe8 26. Qxg7+ Kd8 27. Qe5 Qc7
28. cxb6 Qxe5 29. bxa7 Qc7 30. a8=Q+ Kd7 31. Qa4 Ne7 32. c4 Nf5 33. cxd5 Nxe3
34. dxc6+ Qxc6 35. Qa7+ Kd8 36. Qxe3 Rg8 37. g3 h5 1-0

[Event "8th HD Bank Cup 2018"]
[Site "Hanoi VIE"]
[Date "2018.03.12"]
[Round "4.52"]
[White "Nguyen, Quoc Hy"]
[Black "Alfred, Nathan S W"]
[Result "1/2-1/2"]
[WhiteTitle "CM"]
[BlackTitle "FM"]
[WhiteElo "2039"]
[BlackElo "2208"]
[WhiteFideId "12410853"]
[BlackFideId "407739"]
[EventDate "2018.03.10"]

1. d4 Nf6 2. Nc3 d5 3. Bf4 c6 4. e3 Qb6 5. Rb1 Bf5 6. Nf3 e6 7. Be2 Nbd7 8. Ne5
h6 9. g4 Bh7 10. h4 Nxe5 11. Bxe5 Nd7 12. Bg3 a5 13. Qd2 a4 14. a3 Be7 15. f3
Qa5 16. Kf2 f6 17. Bd3 f5 18. Kg2 O-O 19. Qe2 c5 20. Bb5 f4 21. exf4 Nf6 22. Bd3
Bxd3 23. cxd3 Qb6 24. g5 Nd7 25. gxh6 cxd4 1/2-1/2

[Event "8th HD Bank Cup 2018"]
[Site "Hanoi VIE"]
[Date "2018.03.12"]
[Round "4.53"]
[White "Thipsay, Bagyashree Sathe"]
[Black "Quizon, Daniel"]
[Result "0-1"]
[WhiteTitle "WIM"]
[WhiteElo "2000"]
[BlackElo "2204"]
[WhiteFideId "5001013"]
[BlackFideId "5217911"]
[EventDate "2018.03.10"]

1. e4 c5 2. Nf3 e6 3. d4 cxd4 4. Nxd4 a6 5. Nc3 Qc7 6. Bd3 b5 7. Qe2 Bb7 8. f4
d6 9. Bd2 Nd7 10. O-O Ngf6 11. Kh1 Nc5 12. b4 Nxd3 13. cxd3 Be7 14. Rac1 Qd7 15.
a4 bxa4 16. Ra1 Bc6 17. Nxc6 Qxc6 18. Rxa4 O-O 19. Rfa1 Qb7 20. Be3 Rfc8 21. Bd4
d5 22. b5 axb5 23. Ra7 Qc6 24. Nxb5 dxe4 25. Qa2 Rab8 26. Nc3 Rb7 27. Qa6 Qxa6
28. R1xa6 Rxa7 29. Rxa7 Bb4 30. dxe4 Bxc3 31. Bxc3 h6 32. Bb2 Rc2 33. Rb7 Nxe4
34. Kg1 Re2 35. h3 Nc5 36. Rb8+ Kh7 37. Kf1 Re4 38. g3 Nd3 39. Rb3 Re1+ 40. Kg2
Re3 41. Ra3 Nxf4+ 42. gxf4 Re2+ 43. Kf3 Rxb2 44. Re3 Kg6 0-1

[Event "8th HD Bank Cup 2018"]
[Site "Hanoi VIE"]
[Date "2018.03.12"]
[Round "4.54"]
[White "Hoang, Thi Bao Tram"]
[Black "Kulkarni, Vinayak"]
[Result "1/2-1/2"]
[WhiteTitle "WGM"]
[WhiteElo "2410"]
[BlackElo "2161"]
[WhiteFideId "12401102"]
[BlackFideId "5021332"]
[EventDate "2018.03.10"]

1. d4 d5 2. c4 c6 3. Nf3 Nf6 4. Nbd2 Bf5 5. Qb3 Qc7 6. g3 h6 7. Bg2 e6 8. O-O
Nbd7 9. a3 Be7 10. Qc3 O-O 11. b4 a5 12. c5 b6 13. Bb2 axb4 14. axb4 bxc5 15.
bxc5 Qb7 16. Rxa8 Rxa8 17. Ra1 Rxa1+ 18. Bxa1 Ne4 19. Qb2 Qxb2 20. Bxb2 Bf6 21.
Nb3 Nexc5 22. dxc5 Bxb2 23. Nfd4 Bxd4 24. Nxd4 Nxc5 25. Nxc6 Kf8 26. Kf1 Nb3 27.
Ke1 Ke8 28. e3 Bd3 29. Nd4 Nxd4 30. exd4 Ke7 31. h4 Kf6 1/2-1/2

[Event "8th HD Bank Cup 2018"]
[Site "Hanoi VIE"]
[Date "2018.03.12"]
[Round "4.55"]
[White "Liu, Zhaoqi"]
[Black "Li, Ruofan"]
[Result "1-0"]
[BlackTitle "IM"]
[WhiteElo "2133"]
[BlackElo "2351"]
[WhiteFideId "8609381"]
[BlackFideId "8600643"]
[EventDate "2018.03.10"]

1. c4 Nf6 2. Nc3 e6 3. d4 Bb4 4. f3 d5 5. a3 Bxc3+ 6. bxc3 c5 7. cxd5 exd5 8. e3
O-O 9. Bd3 b6 10. Ne2 Ba6 11. O-O Re8 12. Ng3 Bxd3 13. Qxd3 Nc6 14. Bb2 c4 15.
Qe2 h5 16. Qf2 h4 17. Nf5 h3 18. g4 Re6 19. Rae1 Qd7 20. Qh4 g6 21. Ng3 Rae8 22.
Bc1 b5 23. g5 Nh7 24. f4 f5 25. gxf6 Nxf6 26. e4 dxe4 27. Nxe4 Rf8 28. Nf2 Rxe1
29. Rxe1 Re8 30. Rxe8+ Qxe8 31. Kf1 1-0

[Event "8th HD Bank Cup 2018"]
[Site "Hanoi VIE"]
[Date "2018.03.12"]
[Round "4.56"]
[White "Kwon, Sehyun"]
[Black "Duong, The Anh"]
[Result "0-1"]
[WhiteTitle "CM"]
[BlackTitle "IM"]
[WhiteElo "2169"]
[BlackElo "2327"]
[WhiteFideId "13203088"]
[BlackFideId "12401277"]
[EventDate "2018.03.10"]

1. e4 c5 2. Nf3 d6 3. Bb5+ Nd7 4. O-O Nf6 5. Re1 e6 6. c3 a6 7. Bf1 Be7 8. d4
O-O 9. e5 Nd5 10. c4 Nb4 11. a3 Nc6 12. exd6 Bxd6 13. dxc5 Bxc5 14. b4 Be7 15.
Nc3 Bf6 16. Qc2 Qc7 17. Bb2 Nde5 18. Nxe5 Bxe5 19. h3 Rd8 20. Bd3 h6 21. Qe2 Bd4
22. Rad1 Ne5 23. c5 Nxd3 24. Rxd3 e5 25. Na4 Bf5 26. Rdd1 Bxb2 27. Nxb2 Rxd1 28.
Rxd1 Re8 29. Nc4 Bg6 30. Nb6 e4 31. Rd7 Qe5 32. Qe3 Re7 33. Rd5 Qa1+ 34. Kh2 Kh7
35. h4 h5 36. Nc8 Re6 37. Nd6 Qf6 38. Qg5 Qxf2 39. Rd2 e3 40. Rxf2 exf2 0-1

[Event "8th HD Bank Cup 2018"]
[Site "Hanoi VIE"]
[Date "2018.03.12"]
[Round "4.57"]
[White "Nguyen, Thi Mai Hung"]
[Black "Pham, Xuan Dat"]
[Result "1/2-1/2"]
[WhiteTitle "WGM"]
[WhiteElo "2321"]
[BlackElo "2118"]
[WhiteFideId "12401676"]
[BlackFideId "12401307"]
[EventDate "2018.03.10"]

1. d4 Nf6 2. Nf3 g6 3. Bg5 Bg7 4. Nbd2 O-O 5. c3 d6 6. e4 Nc6 7. Bd3 e5 8. O-O
h6 9. Bh4 g5 10. Bg3 Nh5 11. dxe5 dxe5 12. Nc4 Nf4 13. Bc2 Qxd1 14. Rfxd1 Bg4
15. Ne3 Bxf3 16. gxf3 Ng6 17. Rd7 Rac8 18. Nd5 Rfd8 19. Rxc7 Rxc7 20. Nxc7 Rd2
21. Rc1 h5 22. h3 h4 23. Bh2 Nge7 24. b4 Rd7 25. Nb5 Kf8 26. Kf1 a6 27. Na3 b5
28. Rd1 Rxd1+ 29. Bxd1 Nc8 30. Ke2 Nb6 31. Kd3 Ke7 32. Bb3 f6 33. Nc2 Kd7 34.
Ne3 Bf8 35. a3 Be7 36. Nd5 Bd8 37. Bg1 Nxd5 38. Bxd5 Ne7 39. Bf7 Bb6 40. Kc2 Kd6
41. Kd3 Ba7 1/2-1/2